Psicosomatica come paradosso : il problema della psicosomatica in psicoanalisi /

সংরক্ষণ করুন:
গ্রন্থ-পঞ্জীর বিবরন
প্রধান লেখক: Todarello, Orlando (লেখক), Porcelli, Piero (লেখক)
বিন্যাস: গ্রন্থ
ভাষা:ইতালিয়
প্রকাশিত: Torino : Bollati Boringhieri, 1992
মালা:Lezioni e seminari
বিষয়গুলি:
ট্যাগগুলো: ট্যাগ যুক্ত করুন
কোনো ট্যাগ নেই, প্রথমজন হিসাবে ট্যাগ করুন!

MARC

LEADER 00000nam a2200000 i 4500
001 IT\ICCU\RAV\0206509
003 ItRI
005 20260115231906.0
008 921201s1992 it |||||| ||||| |||||c
015 |2 IT  |a 92-5881 
020 |a 883395501X 
040 |b ita  |c importazione bologna sebina 
041 7 |a ita  |2 ISO-639-2 
082 |a 616.08  |9 MEDICINA PSICOSOMATICA  |2 11 
100 1 |a Todarello, Orlando  |0 IT\ICCU\CFIV\115058  |4 aut 
245 1 0 |a Psicosomatica come paradosso :  |b il problema della psicosomatica in psicoanalisi /  |c Orlando Todarello, Piero Porcelli. 
260 |a Torino :  |b Bollati Boringhieri,  |c 1992 
300 |a 193 p. ;  |c 21 cm 
650 7 |a Medicina psicosomatica 
700 1 |a Porcelli, Piero  |0 IT\ICCU\CFIV\112307  |4 aut 
830 0 |a Lezioni e seminari  |0 IT\ICCU\CFI\0058953 
942 |2 ddc  |c BK  |n 0 
952 |0 0  |1 0  |4 0  |6 DOC_616_080000000000000_TOD  |7 0  |9 15570  |a BO  |b BO  |d 2026-01-15  |i 10931  |l 0  |o DOC 616.08 TOD  |p BO10931  |r 2026-01-15 23:19:06  |w 2026-01-15  |x [Sebina 5] [1 v.]  |y BK  |z 1 v. 
999 |c 13398  |d 13398